| 000 | 00452nam a2200145 i 4500 | ||
|---|---|---|---|
| 001 | 96577 | ||
| 003 | ES-MaACL | ||
| 005 | 20230906181935.0 | ||
| 007 | t| | ||
| 008 | 050627s1946 sp ||||1| spa d | ||
| 245 | 0 | 0 |
_aMallorca en Trento _b: miscelánea conmemorativa del IV Centenario Tridentino 1545-1945. |
| 260 |
_aPalma de Mallorca : _bSociedad Arqueológica Luliana. |
||
| 300 |
_a308 p., 5 lám. ; _c24 cm. |
||
| 852 |
_aES-MaACL _jC-4246 _bR.23999 |
||
| 999 |
_c96577 _d96577 |
||